Paroles - Etre une femme - Michel Sardou - Statistiques

Statistiques générales
  • Ce quiz a été pris 2 391 fois
  • Le résultat moyen est 368 sur 519
Statistiques - réponses
Réponse % Correct
a
99%
à
99%
À
99%
A
99%
femme
99%
Femme
99%
de
98%
De
98%
et
98%
Et
98%
des
97%
un
97%
80
96%
années
96%
la
95%
95%
sein
95%
bout
94%
jusqu'au
94%
une
94%
Une
94%
seins
92%
en
91%
En
91%
le
91%
du
90%
Être
89%
Mais
89%
je
86%
sa
86%
au
84%
charme
84%
Que
84%
Dans
82%
dans
82%
J'ai
81%
l'autorité
81%
réussi
81%
Ayant
80%
mon
80%
D'être
79%
sans
79%
l'amalgame
78%
matin
78%
sexe
77%
aux
76%
fais
76%
drame
75%
Qu'un
75%
voyage
75%
changeais
74%
complexe
74%
l'étrange
74%
imaginé
73%
les
73%
lorsque
73%
m'ennuie
73%
vivais
73%
Moins
72%
Qui
72%
Absurdie
71%
Qu'on
71%
qu'on
71%
Colombine
70%
qu'Arlequin
69%
fils
68%
envie
67%
fois
67%
d’appeler
66%
d'appeler
66%
donner
66%
grand
65%
larmes
64%
monsieur
64%
Rouler
64%
rouler
64%
sourire
64%
va
63%
comme
62%
gamme
62%
sur
62%
Faire
61%
faire
61%
soir,
60%
yeux
60%
fond
59%
général
59%
mannequin
57%
France
56%
patins
56%
aime
55%
Sachant
55%
autrefois
54%
ou
54%
pianoter
54%
poète
54%
Suisse
54%
bien
53%
conscrits
53%
planquée
53%
Sexy
53%
stars
53%
cabinet
52%
d'infanterie
52%
Enceinte
52%
bander
51%
banquière
51%
P.D.G.
51%
trottoir
51%
directeur
49%
soirée
49%
bas
48%
papa
48%
pelles
48%
pompier
48%
Présidence
47%
contrôlée
46%
pilote
46%
tour
46%
gamelles
45%
noirs
45%
pudique
45%
sensuelle
45%
talons
45%
ceinture
44%
Porte
44%
marron
43%
robe
43%
sous
43%
abattoirs
41%
Aimer
41%
appeler
41%
d'aviation
41%
écrivain
41%
promotion
41%
flic
40%
gardien
40%
plats
40%
pouvoir
40%
Sissi
40%
soutien-gorge
40%
chirurgien-esthétique
39%
d'service
39%
impératrice
38%
paix
38%
Parler
38%
S'installer
38%
suprême
38%
voudrait
38%
Accéder
37%
agent-secret
37%
cinéaste,
37%
Georges
37%
on
37%
langues,
36%
maîtresse
36%
plantons
36%
six
36%
système
36%
car,
35%
fait
35%
l'usine
35%
plus
34%
minets
33%
steward
33%
Chauffeur
32%
dévoreuse
32%
Maîtriser
32%
major
32%
monde
31%
panthère
31%
contremaîtresse
30%
pelisse
29%
Championne
28%
culturistes
28%
Galonnée
26%
long-courriers
26%
Messaline
26%
porte-jarretelles
26%
Emmerdeuse
22%
prison
20%
franc-maçon
19%
puces
19%
vendeuse
18%
gardienne
17%
halles,
16%
perdu
16%
strip-teaseuse
16%
Chanteuse
13%
conducteur
12%
d'autobus
12%
d'orchestre
11%
corps
9%
Aucun quiz correspondant
Distribution des résultats
% des personnes avec chaque résultat
Percentile par nombre de réponses
Votre historique - résultats
Vous n’avez pas pris ce quiz